Online
Catalog

Constitución de la República Dominicana. (Record no. 28003)

MARC details
000 -CABECERA
campo de control de longitud fija 00825nam a2200229 a 4500
001 - NÚMERO DE CONTROL
campo de control 000028511
005 - FECHA Y HORA DE LA ÚLTIMA TRANSACCIÓN
campo de control 20200930055002.0
008 - DATOS DE LONGITUD FIJA--INFORMACIÓN GENERAL
campo de control de longitud fija 110408s2007 dr 000 0 spa d
040 ## - FUENTE DE LA CATALOGACIÓN
Centro catalogador/agencia de origen DO-SdBNP
Lengua de catalogación spa
Centro/agencia transcriptor BNPHU
082 ## - NÚMERO DE LA CLASIFICACIÓN DECIMAL DEWEY
Número de clasificación 342.729302
Número de documento/Ítem R426con, 2007
110 1# - ENTRADA PRINCIPAL--NOMBRE DE ENTIDAD CORPORATIVA
Nombre de entidad corporativa o nombre de jurisdicción como elemento de entrada República Dominicana.
9 (RLIN) 447
240 10 - TÍTULO UNIFORME
Título uniforme Constitución (2002)
245 10 - MENCIÓN DE TÍTULO
Título Constitución de la República Dominicana.
260 ## - PUBLICACIÓN, DISTRIBUCIÓN, ETC.
Lugar de publicación, distribución, etc. Santo Domingo :
Nombre del editor, distribuidor, etc. CENDIJD,
-- Poder Judicial,
Fecha de publicación, distribución, etc. 2007.
300 ## - DESCRIPCIÓN FÍSICA
Extensión 110 p. ;
Dimensiones 12 cm.
590 ## - NOTA LOCAL (RLIN)
Nota local Inventariado, 2018/ YL
500 ## - NOTA GENERAL
Nota general Edición de bolsillo
651 #4 - PUNTO DE ACCESO ADICIONAL DE MATERIA--NOMBRE GEOGRÁFICO
Nombre geográfico República Dominicana
Subdivisión general Constitución (2002{Rpara}
9 (RLIN) 10514
651 #4 - PUNTO DE ACCESO ADICIONAL DE MATERIA--NOMBRE GEOGRÁFICO
Nombre geográfico República Dominicana
Subdivisión geográfica Derecho Constitucional
9 (RLIN) 449
710 2# - PUNTO DE ACCESO ADICIONAL--NOMBRE DE ENTIDAD CORPORATIVA
Nombre de entidad corporativa o nombre de jurisdicción como elemento de entrada Centro de Documentación e Información Judicial Dominicano
9 (RLIN) 55480
910 ## - DATOS DE OPCIÓN DEL USUARIO (OCLC)
Datos de opción del usuario Validado. Control de calidad EMS
Holdings
Estado de retiro Estado de pérdida Restricciones de uso No para préstamo Código de colección Localización permanente Ubicación/localización actual Ubicación en estantería Fecha de adquisición Número de inventario Total de préstamos Signatura topográfica completa Código de barras Fecha visto por última vez Número de copia Precio válido a partir de Tipo de ítem Koha
        Dominicana de Servicio General General Depósito 14.04.2011 LF1   342.729302 R426c, 2007 28511-30 25.06.2020 e. 3 25.06.2020 Libro y Folleto Colección Dominicana de Servicio
      Excluido de préstamo Patrimonio Dominicano Patrimonio Dominicano Patrimonio Dominicano Depósito 08.04.2011 LF1   342.729302 R426c, 2007 28511-10 25.06.2020   25.06.2020 Libro y Folleto Colección Patrimonio Dominicano
      Excluido de préstamo Patrimonio Dominicano Patrimonio Dominicano Patrimonio Dominicano Depósito 08.04.2011 LF1   342.729302 R426c, 2007 28511-20 25.06.2020 e. 2 25.06.2020 Libro y Folleto Colección Patrimonio Dominicano

Powered by Koha